<?xml version="1.0" encoding="UTF-8"?>
<record
    xmlns:xsi="http://www.w3.org/2001/XMLSchema-instance"
    xsi:schemaLocation="http://www.loc.gov/MARC21/slim http://www.loc.gov/standards/marcxml/schema/MARC21slim.xsd"
    xmlns="http://www.loc.gov/MARC21/slim">

  <leader>00465nas a2200169 u 4500</leader>
  <controlfield tag="001">686235</controlfield>
  <controlfield tag="005">20230817103141.0</controlfield>
  <controlfield tag="008">010830uuuuuuuuu                    eng  </controlfield>
  <datafield tag="035" ind1=" " ind2=" ">
    <subfield code="a">686235</subfield>
  </datafield>
  <datafield tag="040" ind1=" " ind2=" ">
    <subfield code="c">comduadb</subfield>
  </datafield>
  <datafield tag="041" ind1=" " ind2=" ">
    <subfield code="a">eng</subfield>
  </datafield>
  <datafield tag="245" ind1="1" ind2="0">
    <subfield code="a">Film Comment (U.S.A.)</subfield>
  </datafield>
  <datafield tag="260" ind1=" " ind2=" ">
    <subfield code="a">Nueva York :</subfield>
    <subfield code="b">Film Society of Lincoln Center,</subfield>
    <subfield code="c">1972.</subfield>
  </datafield>
  <datafield tag="650" ind1=" " ind2=" ">
    <subfield code="a">Cine y teatro</subfield>
    <subfield code="9">67295</subfield>
  </datafield>
  <datafield tag="650" ind1=" " ind2=" ">
    <subfield code="a">Cine - Produccion y direccion - Estados Unidos</subfield>
    <subfield code="9">172463</subfield>
  </datafield>
  <datafield tag="942" ind1=" " ind2=" ">
    <subfield code="c">REVISTA</subfield>
  </datafield>
  <datafield tag="999" ind1=" " ind2=" ">
    <subfield code="c">211079</subfield>
    <subfield code="d">211079</subfield>
  </datafield>
  <datafield tag="952" ind1=" " ind2=" ">
    <subfield code="0">0</subfield>
    <subfield code="1">0</subfield>
    <subfield code="4">0</subfield>
    <subfield code="7">0</subfield>
    <subfield code="8">LEGAD-LAA</subfield>
    <subfield code="a">BC</subfield>
    <subfield code="b">BC</subfield>
    <subfield code="h">Vol. 20, No. 02, Mar.-Abr. 1984</subfield>
    <subfield code="l">0</subfield>
    <subfield code="p">6-448208</subfield>
    <subfield code="y">REVISTAI</subfield>
  </datafield>
  <datafield tag="952" ind1=" " ind2=" ">
    <subfield code="0">0</subfield>
    <subfield code="1">0</subfield>
    <subfield code="4">0</subfield>
    <subfield code="7">0</subfield>
    <subfield code="8">LEGAD-LAA</subfield>
    <subfield code="a">BC</subfield>
    <subfield code="b">BC</subfield>
    <subfield code="h">Vol. 19, No. 05, Sep.-Oct. 1983</subfield>
    <subfield code="l">0</subfield>
    <subfield code="p">6-448203</subfield>
    <subfield code="y">REVISTAI</subfield>
  </datafield>
  <datafield tag="952" ind1=" " ind2=" ">
    <subfield code="0">0</subfield>
    <subfield code="1">0</subfield>
    <subfield code="4">0</subfield>
    <subfield code="7">0</subfield>
    <subfield code="8">LEGAD-LAA</subfield>
    <subfield code="a">BC</subfield>
    <subfield code="b">BC</subfield>
    <subfield code="h">Vol. 13, No. 04, Jul.-Ago. 1977</subfield>
    <subfield code="l">0</subfield>
    <subfield code="p">6-448050</subfield>
    <subfield code="y">REVISTAI</subfield>
  </datafield>
  <datafield tag="952" ind1=" " ind2=" ">
    <subfield code="0">0</subfield>
    <subfield code="1">0</subfield>
    <subfield code="4">0</subfield>
    <subfield code="7">0</subfield>
    <subfield code="8">LEGAD-LAA</subfield>
    <subfield code="a">BC</subfield>
    <subfield code="b">BC</subfield>
    <subfield code="h">Vol. 14, No. 01, Ene.-Feb. 1978</subfield>
    <subfield code="l">0</subfield>
    <subfield code="p">6-448051</subfield>
    <subfield code="y">REVISTAI</subfield>
  </datafield>
  <datafield tag="952" ind1=" " ind2=" ">
    <subfield code="0">0</subfield>
    <subfield code="1">0</subfield>
    <subfield code="4">0</subfield>
    <subfield code="7">0</subfield>
    <subfield code="8">LEGAD-LAA</subfield>
    <subfield code="a">BC</subfield>
    <subfield code="b">BC</subfield>
    <subfield code="h">Vol. 18, No. 01, Ene.-Feb. 1982</subfield>
    <subfield code="l">0</subfield>
    <subfield code="p">6-448066</subfield>
    <subfield code="y">REVISTAI</subfield>
  </datafield>
  <datafield tag="952" ind1=" " ind2=" ">
    <subfield code="0">0</subfield>
    <subfield code="1">0</subfield>
    <subfield code="4">0</subfield>
    <subfield code="7">0</subfield>
    <subfield code="8">LEGAD-LAA</subfield>
    <subfield code="a">BC</subfield>
    <subfield code="b">BC</subfield>
    <subfield code="h">Vol. 18, No. 04, Jul.-Ago. 1982</subfield>
    <subfield code="l">0</subfield>
    <subfield code="p">6-448198</subfield>
    <subfield code="y">REVISTAI</subfield>
  </datafield>
  <datafield tag="952" ind1=" " ind2=" ">
    <subfield code="0">0</subfield>
    <subfield code="1">0</subfield>
    <subfield code="4">0</subfield>
    <subfield code="7">0</subfield>
    <subfield code="8">LEGAD-LAA</subfield>
    <subfield code="a">BC</subfield>
    <subfield code="b">BC</subfield>
    <subfield code="h">Vol. 19, No. 03, May.-Jun. 1983</subfield>
    <subfield code="l">0</subfield>
    <subfield code="p">6-448201</subfield>
    <subfield code="y">REVISTAI</subfield>
  </datafield>
  <datafield tag="952" ind1=" " ind2=" ">
    <subfield code="0">0</subfield>
    <subfield code="1">0</subfield>
    <subfield code="4">0</subfield>
    <subfield code="7">0</subfield>
    <subfield code="8">LEGAD-LAA</subfield>
    <subfield code="a">BC</subfield>
    <subfield code="b">BC</subfield>
    <subfield code="h">Vol. 18, No. 02, Mar.-Abr. 1982</subfield>
    <subfield code="l">0</subfield>
    <subfield code="p">6-448196</subfield>
    <subfield code="y">REVISTAI</subfield>
  </datafield>
  <datafield tag="952" ind1=" " ind2=" ">
    <subfield code="0">0</subfield>
    <subfield code="1">0</subfield>
    <subfield code="4">0</subfield>
    <subfield code="7">0</subfield>
    <subfield code="8">LEGAD-LAA</subfield>
    <subfield code="a">BC</subfield>
    <subfield code="b">BC</subfield>
    <subfield code="h">Vol. 18, No. 05, Sep.-Oct. 1982</subfield>
    <subfield code="l">0</subfield>
    <subfield code="p">6-448197</subfield>
    <subfield code="y">REVISTAI</subfield>
  </datafield>
  <datafield tag="952" ind1=" " ind2=" ">
    <subfield code="0">0</subfield>
    <subfield code="1">0</subfield>
    <subfield code="4">0</subfield>
    <subfield code="7">0</subfield>
    <subfield code="8">LEGAD-LAA</subfield>
    <subfield code="a">BC</subfield>
    <subfield code="b">BC</subfield>
    <subfield code="h">Vol. 12, No. 06, Nov.-Dic. 1976</subfield>
    <subfield code="l">0</subfield>
    <subfield code="p">6-448046</subfield>
    <subfield code="y">REVISTAI</subfield>
  </datafield>
  <datafield tag="952" ind1=" " ind2=" ">
    <subfield code="0">0</subfield>
    <subfield code="1">0</subfield>
    <subfield code="4">0</subfield>
    <subfield code="7">0</subfield>
    <subfield code="8">LEGAD-LAA</subfield>
    <subfield code="a">BC</subfield>
    <subfield code="b">BC</subfield>
    <subfield code="h">Vol. 15, No. 06, Nov.-Dic. 1979</subfield>
    <subfield code="l">0</subfield>
    <subfield code="p">6-448061</subfield>
    <subfield code="y">REVISTAI</subfield>
  </datafield>
  <datafield tag="952" ind1=" " ind2=" ">
    <subfield code="0">0</subfield>
    <subfield code="1">0</subfield>
    <subfield code="4">0</subfield>
    <subfield code="7">0</subfield>
    <subfield code="8">LEGAD-LAA</subfield>
    <subfield code="a">BC</subfield>
    <subfield code="b">BC</subfield>
    <subfield code="h">Vol. 10, No. 05, Sep.-Oct. 1974</subfield>
    <subfield code="l">0</subfield>
    <subfield code="p">6-448039</subfield>
    <subfield code="y">REVISTAI</subfield>
  </datafield>
  <datafield tag="952" ind1=" " ind2=" ">
    <subfield code="0">0</subfield>
    <subfield code="1">0</subfield>
    <subfield code="4">0</subfield>
    <subfield code="7">0</subfield>
    <subfield code="8">LEGAD-LAA</subfield>
    <subfield code="a">BC</subfield>
    <subfield code="b">BC</subfield>
    <subfield code="h">Vol. 13, No. 02, Mar.-Abr. 1977</subfield>
    <subfield code="l">0</subfield>
    <subfield code="p">6-448048</subfield>
    <subfield code="y">REVISTAI</subfield>
  </datafield>
  <datafield tag="952" ind1=" " ind2=" ">
    <subfield code="0">0</subfield>
    <subfield code="1">0</subfield>
    <subfield code="4">0</subfield>
    <subfield code="7">0</subfield>
    <subfield code="8">LEGAD-LAA</subfield>
    <subfield code="a">BC</subfield>
    <subfield code="b">BC</subfield>
    <subfield code="h">Vol. 18, No. 06, Nov.-Dic. 1982</subfield>
    <subfield code="l">0</subfield>
    <subfield code="p">6-448200</subfield>
    <subfield code="y">REVISTAI</subfield>
  </datafield>
  <datafield tag="952" ind1=" " ind2=" ">
    <subfield code="0">0</subfield>
    <subfield code="1">0</subfield>
    <subfield code="4">0</subfield>
    <subfield code="7">0</subfield>
    <subfield code="8">LEGAD-LAA</subfield>
    <subfield code="a">BC</subfield>
    <subfield code="b">BC</subfield>
    <subfield code="h">Vol. 13, No. 03, May.-Jun. 1977</subfield>
    <subfield code="l">0</subfield>
    <subfield code="p">6-448047</subfield>
    <subfield code="y">REVISTAI</subfield>
  </datafield>
  <datafield tag="952" ind1=" " ind2=" ">
    <subfield code="0">0</subfield>
    <subfield code="1">0</subfield>
    <subfield code="4">0</subfield>
    <subfield code="7">0</subfield>
    <subfield code="8">LEGAD-LAA</subfield>
    <subfield code="a">BC</subfield>
    <subfield code="b">BC</subfield>
    <subfield code="h">Vol. 15, No. 01, Ene.-Feb. 1979</subfield>
    <subfield code="l">0</subfield>
    <subfield code="p">6-448058</subfield>
    <subfield code="y">REVISTAI</subfield>
  </datafield>
  <datafield tag="952" ind1=" " ind2=" ">
    <subfield code="0">0</subfield>
    <subfield code="1">0</subfield>
    <subfield code="4">0</subfield>
    <subfield code="7">0</subfield>
    <subfield code="8">LEGAD-LAA</subfield>
    <subfield code="a">BC</subfield>
    <subfield code="b">BC</subfield>
    <subfield code="h">Vol. 30, No. 06, Nov.-Dic. 1994</subfield>
    <subfield code="l">0</subfield>
    <subfield code="p">6-448210</subfield>
    <subfield code="y">REVISTAI</subfield>
  </datafield>
  <datafield tag="952" ind1=" " ind2=" ">
    <subfield code="0">0</subfield>
    <subfield code="1">0</subfield>
    <subfield code="4">0</subfield>
    <subfield code="7">0</subfield>
    <subfield code="8">LEGAD-LAA</subfield>
    <subfield code="a">BC</subfield>
    <subfield code="b">BC</subfield>
    <subfield code="h">Vol. 18, No. 03, May.-Jun. 1982</subfield>
    <subfield code="l">0</subfield>
    <subfield code="p">6-448195</subfield>
    <subfield code="y">REVISTAI</subfield>
  </datafield>
  <datafield tag="952" ind1=" " ind2=" ">
    <subfield code="0">0</subfield>
    <subfield code="1">0</subfield>
    <subfield code="4">0</subfield>
    <subfield code="7">0</subfield>
    <subfield code="8">LEGAD-LAA</subfield>
    <subfield code="a">BC</subfield>
    <subfield code="b">BC</subfield>
    <subfield code="h">Vol. 19, No. 02, Mar.-Abr. 1983</subfield>
    <subfield code="l">0</subfield>
    <subfield code="p">6-448202</subfield>
    <subfield code="y">REVISTAI</subfield>
  </datafield>
  <datafield tag="952" ind1=" " ind2=" ">
    <subfield code="0">0</subfield>
    <subfield code="1">0</subfield>
    <subfield code="4">0</subfield>
    <subfield code="7">0</subfield>
    <subfield code="8">LEGAD-LAA</subfield>
    <subfield code="a">BC</subfield>
    <subfield code="b">BC</subfield>
    <subfield code="h">Vol. 14, No. 02, Mar.-Abr. 1978</subfield>
    <subfield code="l">0</subfield>
    <subfield code="p">6-448054</subfield>
    <subfield code="y">REVISTAI</subfield>
  </datafield>
  <datafield tag="952" ind1=" " ind2=" ">
    <subfield code="0">0</subfield>
    <subfield code="1">0</subfield>
    <subfield code="4">0</subfield>
    <subfield code="7">0</subfield>
    <subfield code="8">LEGAD-LAA</subfield>
    <subfield code="a">BC</subfield>
    <subfield code="b">BC</subfield>
    <subfield code="h">Vol. 15, No. 05, Sep.-Oct. 1979</subfield>
    <subfield code="l">0</subfield>
    <subfield code="p">6-448062</subfield>
    <subfield code="y">REVISTAI</subfield>
  </datafield>
  <datafield tag="952" ind1=" " ind2=" ">
    <subfield code="0">0</subfield>
    <subfield code="1">0</subfield>
    <subfield code="4">0</subfield>
    <subfield code="7">0</subfield>
    <subfield code="8">LEGAD-LAA</subfield>
    <subfield code="a">BC</subfield>
    <subfield code="b">BC</subfield>
    <subfield code="h">Vol. 16, No. 02, Mar.-Abr. 1980</subfield>
    <subfield code="l">0</subfield>
    <subfield code="p">6-448063</subfield>
    <subfield code="y">REVISTAI</subfield>
  </datafield>
  <datafield tag="952" ind1=" " ind2=" ">
    <subfield code="0">0</subfield>
    <subfield code="1">0</subfield>
    <subfield code="4">0</subfield>
    <subfield code="7">0</subfield>
    <subfield code="8">LEGAD-LAA</subfield>
    <subfield code="a">BC</subfield>
    <subfield code="b">BC</subfield>
    <subfield code="h">Vol. 13, No. 05, Sep.-Oct. 1977</subfield>
    <subfield code="l">0</subfield>
    <subfield code="p">6-448049</subfield>
    <subfield code="y">REVISTAI</subfield>
  </datafield>
  <datafield tag="952" ind1=" " ind2=" ">
    <subfield code="0">0</subfield>
    <subfield code="1">0</subfield>
    <subfield code="4">0</subfield>
    <subfield code="7">0</subfield>
    <subfield code="8">LEGAD-LAA</subfield>
    <subfield code="a">BC</subfield>
    <subfield code="b">BC</subfield>
    <subfield code="h">Vol. 20, No. 01, Ene.-Feb. 1984</subfield>
    <subfield code="l">0</subfield>
    <subfield code="p">6-448205</subfield>
    <subfield code="y">REVISTAI</subfield>
  </datafield>
  <datafield tag="952" ind1=" " ind2=" ">
    <subfield code="0">0</subfield>
    <subfield code="1">0</subfield>
    <subfield code="4">0</subfield>
    <subfield code="7">0</subfield>
    <subfield code="8">LEGAD-LAA</subfield>
    <subfield code="a">BC</subfield>
    <subfield code="b">BC</subfield>
    <subfield code="h">Vol. 19, No. 04, Jul.-Ago. 1983</subfield>
    <subfield code="l">0</subfield>
    <subfield code="p">6-448204</subfield>
    <subfield code="y">REVISTAI</subfield>
  </datafield>
  <datafield tag="952" ind1=" " ind2=" ">
    <subfield code="0">0</subfield>
    <subfield code="1">0</subfield>
    <subfield code="4">0</subfield>
    <subfield code="7">0</subfield>
    <subfield code="8">LEGAD-LAA</subfield>
    <subfield code="a">BC</subfield>
    <subfield code="b">BC</subfield>
    <subfield code="h">Vol. 12, No. 04, Jul.-Ago. 1976</subfield>
    <subfield code="l">0</subfield>
    <subfield code="p">6-448044</subfield>
    <subfield code="y">REVISTAI</subfield>
  </datafield>
  <datafield tag="952" ind1=" " ind2=" ">
    <subfield code="0">0</subfield>
    <subfield code="1">0</subfield>
    <subfield code="4">0</subfield>
    <subfield code="7">0</subfield>
    <subfield code="8">LEGAD-LAA</subfield>
    <subfield code="a">BC</subfield>
    <subfield code="b">BC</subfield>
    <subfield code="h">Vol. 14, No. 05, Sep.-Oct. 1978</subfield>
    <subfield code="l">0</subfield>
    <subfield code="p">6-448056</subfield>
    <subfield code="y">REVISTAI</subfield>
  </datafield>
  <datafield tag="952" ind1=" " ind2=" ">
    <subfield code="0">0</subfield>
    <subfield code="1">0</subfield>
    <subfield code="4">0</subfield>
    <subfield code="7">0</subfield>
    <subfield code="8">LEGAD-LAA</subfield>
    <subfield code="a">BC</subfield>
    <subfield code="b">BC</subfield>
    <subfield code="h">Vol. 16, No. 01, Ene.-Feb. 1980</subfield>
    <subfield code="l">0</subfield>
    <subfield code="p">6-448064</subfield>
    <subfield code="y">REVISTAI</subfield>
  </datafield>
  <datafield tag="952" ind1=" " ind2=" ">
    <subfield code="0">0</subfield>
    <subfield code="1">0</subfield>
    <subfield code="4">0</subfield>
    <subfield code="7">0</subfield>
    <subfield code="8">LEGAD-LAA</subfield>
    <subfield code="a">BC</subfield>
    <subfield code="b">BC</subfield>
    <subfield code="h">Vol. 19, No. 06, Nov.-Dic. 1983</subfield>
    <subfield code="l">0</subfield>
    <subfield code="p">6-448206</subfield>
    <subfield code="y">REVISTAI</subfield>
  </datafield>
  <datafield tag="952" ind1=" " ind2=" ">
    <subfield code="0">0</subfield>
    <subfield code="1">0</subfield>
    <subfield code="4">0</subfield>
    <subfield code="7">0</subfield>
    <subfield code="8">LEGAD-LAA</subfield>
    <subfield code="a">BC</subfield>
    <subfield code="b">BC</subfield>
    <subfield code="h">Vol. 08, No. 02, Summer 1972</subfield>
    <subfield code="l">0</subfield>
    <subfield code="p">6-448040</subfield>
    <subfield code="y">REVISTAI</subfield>
  </datafield>
  <datafield tag="952" ind1=" " ind2=" ">
    <subfield code="0">0</subfield>
    <subfield code="1">0</subfield>
    <subfield code="4">0</subfield>
    <subfield code="7">0</subfield>
    <subfield code="8">LEGAD-LAA</subfield>
    <subfield code="a">BC</subfield>
    <subfield code="b">BC</subfield>
    <subfield code="h">Vol. 14, No. 06, Nov.-Dic. 1978</subfield>
    <subfield code="l">0</subfield>
    <subfield code="p">6-448055</subfield>
    <subfield code="y">REVISTAI</subfield>
  </datafield>
  <datafield tag="952" ind1=" " ind2=" ">
    <subfield code="0">0</subfield>
    <subfield code="1">0</subfield>
    <subfield code="4">0</subfield>
    <subfield code="7">0</subfield>
    <subfield code="8">LEGAD-LAA</subfield>
    <subfield code="a">BC</subfield>
    <subfield code="b">BC</subfield>
    <subfield code="h">Vol. 13, No. 06, Nov.-Dic. 1977</subfield>
    <subfield code="l">0</subfield>
    <subfield code="p">6-448052</subfield>
    <subfield code="y">REVISTAI</subfield>
  </datafield>
  <datafield tag="952" ind1=" " ind2=" ">
    <subfield code="0">0</subfield>
    <subfield code="1">0</subfield>
    <subfield code="4">0</subfield>
    <subfield code="7">0</subfield>
    <subfield code="8">LEGAD-LAA</subfield>
    <subfield code="a">BC</subfield>
    <subfield code="b">BC</subfield>
    <subfield code="h">Vol. 14, No. 03, May.-Jun. 1978</subfield>
    <subfield code="l">0</subfield>
    <subfield code="p">6-448053</subfield>
    <subfield code="y">REVISTAI</subfield>
  </datafield>
  <datafield tag="952" ind1=" " ind2=" ">
    <subfield code="0">0</subfield>
    <subfield code="1">0</subfield>
    <subfield code="4">0</subfield>
    <subfield code="7">0</subfield>
    <subfield code="8">LEGAD-LAA</subfield>
    <subfield code="a">BC</subfield>
    <subfield code="b">BC</subfield>
    <subfield code="h">Vol. 12, No. 05, Sep.-Oct. 1976</subfield>
    <subfield code="l">0</subfield>
    <subfield code="p">6-448043</subfield>
    <subfield code="y">REVISTAI</subfield>
  </datafield>
  <datafield tag="952" ind1=" " ind2=" ">
    <subfield code="0">0</subfield>
    <subfield code="1">0</subfield>
    <subfield code="4">0</subfield>
    <subfield code="7">0</subfield>
    <subfield code="8">LEGAD-LAA</subfield>
    <subfield code="a">BC</subfield>
    <subfield code="b">BC</subfield>
    <subfield code="h">Vol. 15, No. 03, May.-Jun. 1979</subfield>
    <subfield code="l">0</subfield>
    <subfield code="p">6-448060</subfield>
    <subfield code="y">REVISTAI</subfield>
  </datafield>
  <datafield tag="952" ind1=" " ind2=" ">
    <subfield code="0">0</subfield>
    <subfield code="1">0</subfield>
    <subfield code="4">0</subfield>
    <subfield code="7">0</subfield>
    <subfield code="8">LEGAD-LAA</subfield>
    <subfield code="a">BC</subfield>
    <subfield code="b">BC</subfield>
    <subfield code="h">Vol. 15, No. 04, Jul.-Ago. 1979</subfield>
    <subfield code="l">0</subfield>
    <subfield code="p">6-448059</subfield>
    <subfield code="y">REVISTAI</subfield>
  </datafield>
  <datafield tag="952" ind1=" " ind2=" ">
    <subfield code="0">0</subfield>
    <subfield code="1">0</subfield>
    <subfield code="4">0</subfield>
    <subfield code="7">0</subfield>
    <subfield code="8">LEGAD-LAA</subfield>
    <subfield code="a">BC</subfield>
    <subfield code="b">BC</subfield>
    <subfield code="h">Vol. 15, No. 02, Mar.-Abr. 1979</subfield>
    <subfield code="l">0</subfield>
    <subfield code="p">6-448057</subfield>
    <subfield code="y">REVISTAI</subfield>
  </datafield>
  <datafield tag="952" ind1=" " ind2=" ">
    <subfield code="0">0</subfield>
    <subfield code="1">0</subfield>
    <subfield code="4">0</subfield>
    <subfield code="7">0</subfield>
    <subfield code="8">LEGAD-LAA</subfield>
    <subfield code="a">BC</subfield>
    <subfield code="b">BC</subfield>
    <subfield code="h">Vol. 19, No. 01, Ene.-Feb. 1983</subfield>
    <subfield code="l">0</subfield>
    <subfield code="p">6-448199</subfield>
    <subfield code="y">REVISTAI</subfield>
  </datafield>
  <datafield tag="952" ind1=" " ind2=" ">
    <subfield code="0">0</subfield>
    <subfield code="1">0</subfield>
    <subfield code="4">0</subfield>
    <subfield code="7">0</subfield>
    <subfield code="8">LEGAD-LAA</subfield>
    <subfield code="a">BC</subfield>
    <subfield code="b">BC</subfield>
    <subfield code="h">Vol. 10, No. 06, Nov.-Dic. 1974</subfield>
    <subfield code="l">0</subfield>
    <subfield code="p">6-448042</subfield>
    <subfield code="y">REVISTAI</subfield>
  </datafield>
  <datafield tag="952" ind1=" " ind2=" ">
    <subfield code="0">0</subfield>
    <subfield code="1">0</subfield>
    <subfield code="4">0</subfield>
    <subfield code="7">0</subfield>
    <subfield code="8">LEGAD-LAA</subfield>
    <subfield code="a">BC</subfield>
    <subfield code="b">BC</subfield>
    <subfield code="h">Vol. 13, No. 01, Ene.-Feb. 1977</subfield>
    <subfield code="l">0</subfield>
    <subfield code="p">6-448045</subfield>
    <subfield code="y">REVISTAI</subfield>
  </datafield>
  <datafield tag="952" ind1=" " ind2=" ">
    <subfield code="0">0</subfield>
    <subfield code="1">0</subfield>
    <subfield code="4">0</subfield>
    <subfield code="7">0</subfield>
    <subfield code="8">LEGAD-LAA</subfield>
    <subfield code="a">BC</subfield>
    <subfield code="b">BC</subfield>
    <subfield code="h">Vol. 12, No. 03, May.-Jun.1976</subfield>
    <subfield code="l">0</subfield>
    <subfield code="p">6-448041</subfield>
    <subfield code="y">REVISTAI</subfield>
  </datafield>
</record>
